• 首页
  • 本馆介绍
  • 公告通知
  • 最新文献
  • 馆藏检索
  • 电子资源
  • 读者导购
  • 参考咨询
  • 我的图书馆
  • 登录
  • 详细信息显示
  • 放入我的书架
  • 预约/预借图书
  • 作者相关作品
  • 分类相关作品
  • 丛书相关作品
  • 出版社相关作品

书目信息

  • 表格格式
  • 工作单格式
  • 卡片格式
题名:
钢笔建筑画与视觉笔记
    
 
作者: 刘辉 著
分册:  
出版信息: 北京   中国电力出版社  2021.2
页数: 147页
开本: 28cm
丛书名:
单 册:
中图分类: TU204.111
科图分类:
主题词: 建筑艺术--钢笔画--绘画技法
电子资源:
ISBN: 978-7-5123-9166-6
000 00923nam0 2200253 45
001 012001001315
005 20140913141656.0
010    @a978-7-5123-9166-6@dCNY45.00
090    @aTU2@blh
096    @aTU2@blh
100    @a20160707d2016 em y0chiy50 ea
101 0  @achi
102    @aCN@b110000
105    @aa z 000yy
106    @ar
200 1  @a钢笔建筑画与视觉笔记@Agang bi jian zhu hua yu shi jue bi ji@f刘辉著
210    @a北京@c中国电力出版社@d2021.2
215    @a147页@c图@d28cm
330    @a本书作者将其在同济大学多年“视觉笔记”课程的教学经验总结归纳,从钢笔建筑画的写生技法讲起,配以建筑写生步骤图图例,以此讲解建筑画的特点、画法、技巧;之后过渡到校园小景写生、城市建筑景观写生;再到古民居、水乡古镇视觉笔记表现赏析。
606 0  @a建筑艺术@x钢笔画@x绘画技法
690    @aTU204.111@v5
701  0 @a刘辉@Aliu hui@f(1968~)@4著
801  0 @aCN@bBJSDL@c20211011
905    @b1333893-6@dTU204.111@e1913@f4
    
    钢笔建筑画与视觉笔记/刘辉著.-北京:中国电力出版社,2021.2
    147页:图;28cm
    
    
    ISBN 978-7-5123-9166-6:CNY45.00
    本书作者将其在同济大学多年“视觉笔记”课程的教学经验总结归纳,从钢笔建筑画的写生技法讲起,配以建筑写生步骤图图例,以此讲解建筑画的特点、画法、技巧;之后过渡到校园小景写生、城市建筑景观写生;再到古民居、水乡古镇视觉笔记表现赏析。
●
相关链接 在E读中查询图书 在五车中查询图书 在当当中查询图书 在豆瓣中查询图书


正题名:钢笔建筑画与视觉笔记     索取号:TU204.111/1913         预约/预借

序号 登录号 条形码 馆藏地/架位号 状态 备注
1 1333893   213338930   第二样本阅览室/ [索取号:TU204.111/1913] 在馆    
2 1333894   213338949   第三借阅区/ [索取号:TU204.111/1913] 在馆    
3 1333895   213338958   第三借阅区/ [索取号:TU204.111/1913] 在馆    
4 1333896   213338967   第三借阅区/ [索取号:TU204.111/1913] 在馆    
唐山师范学院图书馆 欢迎您!
大连网信软件有限公司© 版权所有